Tropical agriculture: The development of production

Bewaard in:
Bibliografische gegevens
Hoofdauteur: Gordon Wrigley
Formaat: Boek
Taal:Undetermined
Gepubliceerd in: London Longman 1981
Onderwerpen:
Tags: Voeg label toe
Geen labels, Wees de eerste die dit record labelt!
Thư viện lưu trữ: Trung tâm Học liệu Trường Đại học Cần Thơ
LEADER 00494nam a2200181Ia 4500
001 CTU_12179
008 210402s9999 xx 000 0 und d
082 |a 630.913 
082 |b W946 
100 |a Gordon Wrigley 
245 0 |a Tropical agriculture: The development of production 
245 0 |c Gordon Wrigley 
260 |a London 
260 |b Longman 
260 |c 1981 
650 |a agriculture - tropics 
904 |i Minh, 961109 
980 |a Trung tâm Học liệu Trường Đại học Cần Thơ